Stuck monkey (Record no. 5306)

MARC details
000 -CABECERA
campo de control de longitud fija 02248pam a22003371i 4500
001 - NÚMERO DE CONTROL
campo de control 991017681889707026
003 - IDENTIFICADOR DEL NÚMERO DE CONTROL
campo de control UkOxU
005 - FECHA Y HORA DE LA ÚLTIMA TRANSACCIÓN
campo de control 20260127155025.0
006 - CÓDIGOS DE INFORMACIÓN DE LONGITUD FIJA--CARACTERÍSTICAS DEL MATERIAL ADICIONAL
campo de control de longitud fija m || d |
007 - CAMPO FIJO DE DESCRIPCIÓN FÍSICA--INFORMACIÓN GENERAL
campo de control de longitud fija cr |||||||||||
008 - DATOS DE LONGITUD FIJA--INFORMACIÓN GENERAL
campo de control de longitud fija 221201s2023 enk o 000|0|eng d
015 ## - NÚMERO DE BIBLIOGRAFÍA NACIONAL
Número de bibliografía nacional GBC328021
Fuente bnb
020 ## - NÚMERO INTERNACIONAL ESTÁNDAR DEL LIBRO
Número Internacional Estándar del Libro 9781803285528
035 ## - NÚMERO DE CONTROL DEL SISTEMA
Número de control de sistema 023334589-44oxf_inst
035 ## - NÚMERO DE CONTROL DEL SISTEMA
Número de control de sistema (UkOxU)023334589
035 ## - NÚMERO DE CONTROL DEL SISTEMA
Número de control de sistema (Uk)020952867
037 ## - FUENTE DE ADQUISICIÓN
Número de adquisición 9781803285504
Fuente del número de adquisición codeMantra
040 ## - FUENTE DE LA CATALOGACIÓN
Centro catalogador/agencia de origen StDuBDS
Lengua de catalogación eng
Normas de descripción rda
-- pn
Centro/agencia transcriptor StDuBDS
Centro/agencia modificador Uk
041 ## - CÓDIGO DE LENGUA
Código de lengua del texto/banda sonora o título independiente EN
042 ## - CÓDIGO DE AUTENTICACIÓN
Código de autenticación ukblsr
100 ## - ENTRADA PRINCIPAL--NOMBRE DE PERSONA
Nombre de persona Hamilton-Paterson, James,
Término indicativo de función/relación author.
9 (RLIN) 26677
245 10 - MENCIÓN DE TÍTULO
Título Stuck monkey
Resto del título : the deadly planetary cost of the things we love
Mención de responsabilidad, etc. / James Hamilton-Paterson.
264 #1 - PRODUCCIÓN, PUBLICACIÓN, DISTRIBUCIÓN, FABRICACIÓN Y COPYRIGHT
Producción, publicación, distribución, fabricación y copyright London :
Nombre del de productor, editor, distribuidor, fabricante Apollo,
Fecha de producción, publicación, distribución, fabricación o copyright 2023.
300 ## - DESCRIPCIÓN FÍSICA
Extensión 304 pages
500 ## - NOTA GENERAL
Nota general Academic
506 1# - NOTA DE RESTRICCIONES AL ACCESO
Limitaciones de acceso Legal Deposit;
Condiciones para el acceso físico Only available on premises controlled by the deposit library and to one user at any one time;
Autorización The Legal Deposit Libraries (Non-Print Works) Regulations (UK).
Institución que aplica el campo UkOxU
520 ## - SUMARIO, ETC.
Sumario, etc. People hunting monkeys in the jungle once devised a simple yet effective trap: When the creature found a banana in a large jar with a narrow neck, it would plunge its paw in to retrieve it. But it couldn't let go. And unless the monkey released the banana, it was stuck.<br/><br/>We are, of course, the stuck monkey, paralysed by our modern lifestyles and consumer habits: our constant stream of online shopping deliveries, our compulsive dependence on digital devices, our obsession with our pets. These addictions, as small and harmless as they may seem, are quietly destroying the planet. And the eco-friendly alternatives that alleviate our guilt are often not much better.<br/><br/>In Stuck Monkey, James Hamilton-Paterson uncovers the truth behind the everyday habits fuelling the climate crisis. Drawing on eye-opening research and shocking statistics, he mercilessly dissects a wide spectrum of modern life: pets, gardening, sports, vehicles, fashion, wellness, holidays, and more. Ferociously unflinching and intelligent, this book will make you think twice about the 'innocent' habits we often take for granted.<br/><br/>
650 #0 - PUNTO DE ACCESO ADICIONAL DE MATERIA--TÉRMINO DE MATERIA
Término de materia o nombre geográfico como elemento de entrada Consumer behavior
Subdivisión general Environmental aspects.
650 #0 - PUNTO DE ACCESO ADICIONAL DE MATERIA--TÉRMINO DE MATERIA
Término de materia o nombre geográfico como elemento de entrada Consumers
Subdivisión general Attitudes
9 (RLIN) 11425
942 ## - ELEMENTOS DE ENTRADA AGREGADA (KOHA)
Fuente del sistema de clasificación o colocación Clasificación de Library of Congress
Holdings
Estado de retiro Estado de pérdida Fuente del sistema de clasificación o colocación Estado dañado No para préstamo Biblioteca de origen Biblioteca actual Fecha de adquisición Total de préstamos Signatura topográfica completa Fecha visto por última vez Número de copia Precio válido a partir de Tipo de ítem Koha Nota pública
    Clasificación de Library of Congress     TBS Barcelona TBS Barcelona 27/01/2026   GE195 HAM 27/01/2026 1 27/01/2026 Book SOON AVAILABLE

Powered by Koha